000 00851nam a2200241 a 4500
001 BRCA_8047
005 20190320210117.0
008 280314s1964----mx-a###f##---#000-0#spa-#
041 _aspa
044 _amx
050 4 _aND497.E3
_b.E34 1964
245 1 0 _aEgerton en México
_bexposición de los óleos, litografías, acuarelas y dibujos de Daniel Thomas Egerton. Pintor inglés residente en México 1830-1842
_cprefacio de Antonio Buch.
260 _aMéxico
_bInstituto Anglo-Mexicano de Cultura
_c1964
300 _a1 v. (sin paginación)
_bil., 70 láminas
_c16 cm.
500 _aY37
546 _aTexto en: español e inglés
600 1 4 _aEgerton, Daniel Thomas
_d1797-1842
_9767
650 1 4 _aPintores
_zMéxico
_94221
650 1 4 _aPintura de paisaje
_zMéxico
_919997
700 1 _aBuch, Antonio
_919998
902 _aGFM
942 _2lcc
_cB
999 _c7715
_d7715